000 00629nam a2200229Ia 4500
003 OSt
005 20221007063015.0
006 a|||||r|||| 00| 0
007 ta
008 221006b |||||||| |||| 00| 0 eng d
024 _a7,446
037 _cTextual
040 _aFLL
_cFLL
_beng
041 _2eng
_aeng
082 _aZ2,2675, L4
100 _aShavaksha K.S. Au.
_9683604
245 0 _aTrade and merchandise marks act, 1958
260 _aBombay
_bN.M. Tripathi private limited India
_c1974
300 _a470p
_ccm.
942 _hZ2,2675, L4
_cTEXL
_2CC
999 _c1130080
_d1130080